|
|
|
|
| LEADER |
00000nam a2200000 a 4500 |
| 001 |
vtls010494539 |
| 003 |
SK-MaSNL |
| 005 |
20260301133106.0 |
| 008 |
240318s2012 xo ao f 000 0 slo |
| 015 |
|
|
|a SNBA2013
|
| 020 |
|
|
|a 9788088729310
|q (brož.)
|
| 035 |
|
|
|a C5C457E5-84CC-4B3E-8C35-80FBE0E6959B
|
| 035 |
|
|
|a urn:nbn:sk:snk-aml4rd
|
| 035 |
|
|
|a urn:nbn:sk:snk-am008wdf
|
| 040 |
|
|
|a SNK
|b slo
|c SNK
|e AACR2
|
| 041 |
0 |
|
|a slo
|b eng
|
| 043 |
|
|
|a e-xo---
|
| 044 |
|
|
|a xo
|c SK
|
| 072 |
|
7 |
|a 37
|x Výchova a vzdelávanie
|2 konspekt
|
| 072 |
|
7 |
|a 37.014
|x Vzdelávacia a výchovná politika
|2 konspekt
|
| 080 |
|
|
|a 37.03:379.8
|2 2001
|
| 080 |
|
|
|a 379.8
|2 2001
|
| 080 |
|
|
|a 316.346.32-053.2
|2 2001
|
| 080 |
|
|
|a 379.81/.84
|2 2001
|
| 080 |
|
|
|a 37.014.7
|2 2001
|
| 080 |
|
|
|a (437.6)
|2 2001
|
| 080 |
|
|
|a (048.8)
|2 2001
|
| 100 |
1 |
|
|a Dráfi, Ladislav
|4 aut
|9 484934
|
| 245 |
1 |
0 |
|a Záujmová umelecká činnosť ako prostriedok výchovy vo voľnom čase. Výchova k národným tradíciám. Požitavie I
|c Ladislav Dráfi
|
| 246 |
1 |
1 |
|a Spare-time art activity as an instrument of education in free time
|
| 246 |
1 |
1 |
|a Education for national traditions
|
| 246 |
3 |
0 |
|a Výchova k národným tradíciám
|
| 246 |
3 |
0 |
|a Požitavie I
|
| 250 |
|
|
|a [1. vyd.]
|
| 260 |
|
|
|a Nové Zámky
|b AZ print
|c 2012
|
| 300 |
|
|
|a 224 s.
|b fareb. fotogr., noty, tab.
|c 24 cm
|
| 490 |
1 |
|
|a Minulosť-súčasnosť-budúcnosť
|
| 504 |
|
|
|a Bibliogr. s. 213-224
|
| 546 |
|
|
|a Res. angl.
|
| 650 |
0 |
7 |
|a výchova pre voľný čas
|2 SNKPH
|9 71084
|
| 650 |
0 |
7 |
|a záujmová činnosť
|2 SNKPH
|9 3674
|
| 650 |
0 |
7 |
|a kultúrno-výchovná činnosť
|2 SNKPH
|9 83981
|
| 650 |
0 |
7 |
|a národné tradície
|2 SNKPH
|9 484935
|
| 650 |
0 |
7 |
|a deti a mládež
|2 SNKPH
|9 774
|
| 650 |
0 |
7 |
|a Education for leisure
|2 SNKPHeng
|9 409520
|
| 650 |
0 |
7 |
|a Leisure education
|2 SNKPHeng
|9 275073
|
| 650 |
0 |
7 |
|a pedagogika voľného času
|2 SNKPH
|9 14931
|
| 650 |
0 |
7 |
|a Children and youth
|2 SNKPHeng
|9 267397
|
| 650 |
0 |
7 |
|a Leisure activities
|2 SNKPHeng
|9 266399
|
| 650 |
0 |
7 |
|a Cultural-educational activities
|2 SNKPHeng
|9 340980
|
| 651 |
|
7 |
|a Žitava (Slovensko : rieka)
|2 SNK
|9 163926
|
| 651 |
|
7 |
|a Zlaté Moravce (Slovensko)
|2 SNKPH
|9 31455
|
| 655 |
|
7 |
|a štúdie
|2 SNKPH
|9 57033
|
| 655 |
|
7 |
|a Studies
|2 SNKPHeng
|9 265573
|
| 830 |
|
0 |
|a Minulosť-súčasnosť-budúcnosť
|9 484936
|
| 919 |
|
|
|a 978-80-88729-31-0
|
| 958 |
|
|
|a NB
|
| 999 |
|
|
|c 752803
|d 754733
|
| 952 |
|
|
|a SNK
|b SNK
|y PREZ
|7 0
|p 17A1063576
|o snkSC 153357
|i snk2013/4944
|8 0
|0 0
|1 0
|4 0
|d 2013-03-01
|f 1
|l 0
|r 2025-07-23 00:00:00
|w 2026-02-23
|
| 952 |
|
|
|a SNK
|b SNK
|y VYP
|7 0
|p 17A1063577
|o snkSC 153357 D1
|i snk2013/4945
|8 0
|0 0
|1 0
|4 0
|d 2013-03-01
|l 0
|r 2026-02-23 23:38:10
|w 2026-02-23
|